Nuclear energy / (Record no. 10679)
[ view plain ]
| 000 -LEADER | |
|---|---|
| fixed length control field | 00730nam a22002535a 4500 |
| 001 - CONTROL NUMBER | |
| control field | 7481490 |
| 005 - DATE AND TIME OF LATEST TRANSACTION | |
| control field | 20201124142739.0 |
| 008 - FIXED-LENGTH DATA ELEMENTS--GENERAL INFORMATION | |
| fixed length control field | 821207t2004 ii a|||fr|||||||0 ||eng|d |
| 010 ## - LIBRARY OF CONGRESS CONTROL NUMBER | |
| LC control number | 59004649 |
| 020 ## - INTERNATIONAL STANDARD BOOK NUMBER | |
| International Standard Book Number | 8171418848 |
| 040 ## - CATALOGING SOURCE | |
| Original cataloging agency | EG-ScBuE |
| Transcribing agency | eng |
| Modifying agency | EG-ScBuE |
| 050 00 - LIBRARY OF CONGRESS CALL NUMBER | |
| Classification number | TK9001 |
| Item number | .N73 |
| 082 04 - DEWEY DECIMAL CLASSIFICATION NUMBER | |
| Edition number | 22 |
| Classification number | 621.48 |
| Item number | JHA |
| 245 10 - TITLE STATEMENT | |
| Title | Nuclear energy / |
| Statement of responsibility, etc | by D. K. Jha. |
| 260 ## - PUBLICATION, DISTRIBUTION, ETC. (IMPRINT) | |
| Place of publication, distribution, etc | New Delhi : |
| Name of publisher, distributor, etc | Discovery Publishing House, |
| Date of publication, distribution, etc | 2004. |
| 300 ## - PHYSICAL DESCRIPTION | |
| Extent | 193 p.: |
| Other physical details | ill. ; |
| Dimensions | 25 cm. |
| 490 ## - Series Statement | |
| Series statement | DPH physics series |
| 590 ## - LOCAL NOTE (RLIN) | |
| Local note | yassmeen ashraf |
| 650 #0 - SUBJECT ADDED ENTRY--TOPICAL TERM | |
| Topical term or geographic name as entry element | Nuclear engineering |
| Source of heading or term | BUEsh |
| 651 ## - SUBJECT ADDED ENTRY--GEOGRAPHIC NAME | |
| Source of heading or term | BUEsh |
| 653 ## - INDEX TERM--UNCONTROLLED | |
| Resource For college | Engineering, Electrical |
| Arrived date list | August2015 |
| 710 2# - ADDED ENTRY--CORPORATE NAME | |
| Corporate name or jurisdiction name as entry element | Combustion Engineering Association. [from old catalog] |
| 942 ## - ADDED ENTRY ELEMENTS (KOHA) | |
| Source of classification or shelving scheme | Dewey Decimal Classification |
| Item type | Book - Borrowing |
| Withdrawn status | Item status | Source of classification or shelving scheme | Damaged status | Not for loan | Vendor | Home library | Current library | Shelving location | Date acquired | Source of acquisition | Cost, normal purchase price | Serial Enumeration / chronology | Total Checkouts | Full call number | Barcode | Date last seen | Date last borrowed | Koha item type |
|---|---|---|---|---|---|---|---|---|---|---|---|---|---|---|---|---|---|---|
| Dewey Decimal Classification | Alahram | Central Library | Central Library | First floor | 04/02/2009 | Purchase | 97.80 | 6454 | 1 | 621.48 JHA | 000014427 | 15/07/2025 | 02/05/2015 | Book - Borrowing | ||||
| Dewey Decimal Classification | Alahram | Central Library | Central Library | First floor | 18/02/2009 | 97.80 | 6466 | 621.48 JHA | 000014884 | 15/07/2025 | NB - Book (Non borrowing) | |||||||
| Dewey Decimal Classification | Central Library | Central Library | First floor | 23/08/2015 | Purchase | 621.48 JHA | 000011727 | 15/07/2025 | Book - Borrowing |